Visualizzazione normale
Vista MARC
- Mitchell Willie
di Personal Name
Records bibliografici associati: 1
001 - CONTROL NUMBER
- control field: 26717
003 - CONTROL NUMBER IDENTIFIER
- control field: IT-RoPau
005 - DATE AND TIME OF LATEST TRANSACTION
- control field: 20140524210558.0
008 - FIXED-LENGTH DATA ELEMENTS
- fixed length control field: 140524|| aca||aabn | a|a d
040 ## - CATALOGING SOURCE
- Original cataloging agency: IT-RoPau
- Transcribing agency: IT-RoPau
100 ## - HEADING--PERSONAL NAME
- Personal name: Mitchell Willie
- Miscellaneous information: Codice autore musica SPICS: 31065
- Relator term: Autore musica
- Name of part/section of a work: Let's Stay Together
670 ## - SOURCE DATA FOUND
- Source citation: Work cat.: (IT-RoPau)99610: AA.VV. 794, Private Dancer